Top 10 Best Argentinian Footballers Ever - Statistieken

Algemene statistieken
  • Deze quiz is 56 keer genomen
  • De gemiddelde score is 5 van 10
Antwoordstatistieken
Nr Antwoord % Correct
1. Lionel Messi
98%
2. Diego Maradona
96%
6. Sergio Aguero
57%
3. Gabriel Batistuta
53%
7. Javier Mascherano
45%
8. Hernan Crespo
41%
4. Javier Zanetti
37%
9. Juan Riquelme
33%
5. Mario Kempes
33%
10. Daniel Passarella
27%
Geen overeenkomende quizzen gevonden
Scoreverdeling
Procent van Mensen met Elke Score
Percentiel versus Aantal Correcte Antwoorden
Uw Scoregeschiedenis
U heeft deze quiz nog niet genomen